[Event "It (open)"]
[Site "masterchessopen.com - Dieren (Netherlands)"]
[Round "3"]
[White "Safin Shukhrat (UZB)"]
[Black "Van Helvoort Rob AM (NED)"]
[Result "1-0"]
[WhiteElo "2500"]
[BlackElo "2197"]

1.d4 Nf6 2.Nf3 e6 3.c4 c5 4.d5 exd5 5.cxd5 d6 6.Nc3 g6 7.g3 Bg7 8.Bg2 O-O
9.O-O a6 10.a4 Re8 11.Nd2 Nbd7 12.h3 Rb8 13.Nc4 Ne5 14.Na3 Bd7 15.f4 Nh5
16.Ne4 Bf5 17.Kh2 Bxe4 18.Bxe4 Nc4 19.Bxg6 Nxg3 20.Kxg3 Ne3 21.Bxh7+ Kh8
22.Bxe3 Rxe3+ 23.Rf3 Rxf3+ 24.Kxf3 Qd7 25.Be4 Qxh3+ 26.Kf2 Bd4+ 27.Qxd4+ cxd4
28.Rh1 Qxh1 29.Bxh1 f5 30.Ke1 Kg7 31.Kd2 Rh8 32.Bf3 Rh4 33.Nc4 Rxf4 34.Kd3 Kf6
35.Nxd6 b6 36.Nc8 b5 37.axb5 axb5 38.Na7 b4 39.Nc6 Rh4 40.Nxb4 Rh7 41.Nc6 Rg7
42.b4 Rg1 43.Kxd4 Rd1+ 44.Kc5 Rc1+ 45.Kd6 Rb1 46.Kc7 {#r} 1-0

[Event "It (open)"]
[Site "masterchessopen.com - Dortmund (Germany)"]
[Round "2"]
[White "Lemanczyk Thomas (GER)"]
[Black "Beckemeier Werner (GER)"]
[Result "0-1"]
[WhiteElo "2245"]
[BlackElo "2385"]

1.d4 Nf6 2.c4 e6 3.g3 c5 4.d5 exd5 5.cxd5 g6 6.Bg2 Bg7 7.Nf3 O-O 8.O-O d6
9.Nc3 a6 10.a4 Nbd7 11.Nd2 Re8 12.Nc4 Ne5 13.Nxe5 Rxe5 14.Bf4 Re8 15.Qd2 Ng4
16.Rab1 Ne5 17.Bh6 Bh8 18.h3 Bf5 19.Rbc1 Nc4 20.Qd1 Nxb2 21.Qb3 b5 22.axb5
axb5 23.Qxb5 Rb8 24.Qa6 Rb3 25.Bd2 Qb6 26.Qxb6 Rxb6 27.g4 Bd7 28.Rfe1 Be5
29.Ne4 f5 30.gxf5 Bxf5 31.Ng5 Bf6 32.Ne6 Kf7 33.Ng5+ Kg7 34.Ne6+ Bxe6 35.dxe6
Rxe6 36.Ba5 Rb5 37.Bc7 c4 38.Rc2 d5 39.Kf1 d4 40.Rb1 d3 41.exd3 cxd3 42.Rd2
Bc3 {#R} 0-1

[Event "It (open)"]
[Site "masterchessopen.com - Genoa (Italy)"]
[Round "10"]
[White "Loncar Robert (CRO)"]
[Black "Cebalo Miso (CRO)"]
[Result "0-1"]
[WhiteElo "2410"]
[BlackElo "2535"]

1.d4 Nf6 2.c4 e6 3.g3 c5 4.d5 exd5 5.cxd5 d6 6.Nc3 g6 7.Bg2 Bg7 8.Nf3 O-O
9.O-O a6 10.a4 Nbd7 11.Nd2 Re8 12.a5 Rb8 13.Nc4 Ne5 14.Nb6 Nfd7 15.Nxc8 Rxc8
16.Ne4 Qc7 17.Bd2 Nf6 18.Nxf6+ Bxf6 19.Bc3 Rb8 20.Qa4 Nd7 21.e4 Bxc3 22.bxc3
c4 23.Rfd1 h5 24.Rd4 h4 25.Qxc4 Qd8 26.Qe2 hxg3 27.hxg3 Rc8 28.Qe3 Rc5 29.Rda4
Qc7 30.Qh6 Re5 31.Bf3 Rxc3 32.Kg2 Qd8 33.Bg4 Nc5 34.Rh1 Qf6 35.Ra2 Rxe4 36.f3
Ra4 37.Qh7+ Kf8 38.Qh6+ Ke7 39.Re2+ Ne4 40.Rf2 {#R} 0-1

[Event "Bundesliga (2nd) South 1997/98"]
[Site "masterchessopen.com - Germany"]
[Round "0"]
[White "Ksieski Zbigniew (POL)"]
[Black "Stocek Jiri (CZE)"]
[Result "0-1"]
[WhiteElo "2400"]
[BlackElo "2470"]

1.d4 Nf6 2.c4 e6 3.g3 c5 4.d5 exd5 5.cxd5 d6 6.Nc3 g6 7.Bg2 Bg7 8.Nf3 O-O
9.O-O Re8 10.Nd2 a6 11.a4 Nbd7 12.Ra2 Nh5 13.h3 Rb8 14.Qb3 b5 15.axb5 axb5
16.Nxb5 Ne5 17.Nc4 Bd7 18.Ncxd6 Bxb5 19.Nxe8 Qxe8 20.Qc2 Bc4 21.Ra5 Bf8 22.Kh2
Nf6 23.Bf4 Bxd5 24.e4 Bb3 25.Qc3 Nfd7 26.Bxe5 Nxe5 27.f4 Nc6 28.Ra6 Nd4
29.Rfa1 Bc2 30.e5 Rb3 31.Ra8 Qb5 32.e6 fxe6 33.Qe1 Ne2 34.Rd8 Rxg3 35.Bf1 Be4
36.Rad1 Qxb2 37.R1d2 Qf6 38.Qxe2 Qxf4 39.Rxf8+ {#R} 0-1

[Event "It (open)"]
[Site "masterchessopen.com - Los Angeles (USA)"]
[Round "0"]
[White "Wojtkiewicz Aleksander (USA)"]
[Black "Fedorowicz John P (USA)"]
[Result "0-1"]
[WhiteElo "2595"]
[BlackElo "2540"]

1.Nf3 Nf6 2.c4 g6 3.g3 Bg7 4.Bg2 O-O 5.d4 c5 6.d5 d6 7.Nc3 a6 8.a4 e6 9.O-O
exd5 10.cxd5 Nbd7 11.Nd2 Re8 12.Nc4 Ne5 13.Nxe5 Rxe5 14.e4 Re8 15.h3 Nd7 16.f4
Rb8 17.a5 b5 18.axb6 Rxb6 19.Kh2 Rb4 20.Qc2 Nb6 21.Qf2 Nc4 22.e5 dxe5 23.Qxc5
Qb6 24.Qc6 Nd6 25.Re1 Qd8 26.Qc5 Rc4 27.Qa5 Qxa5 28.Rxa5 e4 29.Na4 Bd4 30.Be3
Bxe3 31.Rxe3 Rc2 32.Rc5 Rd2 33.Nc3 Rxb2 34.g4 Bb7 35.Rc7 Rd8 36.f5 a5 37.Kg3
gxf5 38.Bh1 Rc2 39.Re1 Rc8 {#R} 0-1

[Event "Ch Russia (club)"]
[Site "masterchessopen.com - Maikop (Russia)"]
[Round "7"]
[White "Tregubov Pavel V (RUS)"]
[Black "Petrushin Alexander I (RUS)"]
[Result "0-1"]
[WhiteElo "2535"]
[BlackElo "2430"]

1.d4 Nf6 2.c4 g6 3.g3 Bg7 4.Bg2 O-O 5.Nc3 c5 6.d5 d6 7.Nf3 a6 8.a4 e6 9.O-O
exd5 10.cxd5 Nbd7 11.Nd2 Re8 12.Qb3 Ne5 13.h3 b5 14.axb5 Rb8 15.f4 Ned7 16.Nc4
axb5 17.Nxb5 Rxe2 18.Ncxd6 Nh5 19.Qd3 Qe7 20.g4 Nhf6 21.Bf3 Re1 22.Bd2 Rxf1+
23.Kxf1 Nb6 24.Nxc8 Nxc8 25.Bc3 Qd7 26.Na3 h5 27.Nc4 hxg4 28.Ne5 Qd6 29.hxg4
Nd7 30.Ra6 Rb6 31.Rxb6 Ncxb6 32.Qb5 Kh7 33.Qc6 Qe7 34.Kg2 Bxe5 35.fxe5 Nc4
36.e6 Qh4 37.Bd2 Nde5 38.Qc7 Qf6 39.Be2 Nxd2 40.e7 Ne4 41.Qxc5 Nxc5 42.e8=Q
Nc4 {#R} 0-1

[Event "Ch World (juniors) (under 18)"]
[Site "masterchessopen.com - Marina d'Or (Spain)"]
[Round "9"]
[White "Riazantsev Alexander (RUS)"]
[Black "Alvarez Johan (VEN)"]
[Result "1-0"]
[WhiteElo "2335"]
[BlackElo "2200"]

1.d4 Nf6 2.c4 c5 3.d5 e6 4.Nc3 exd5 5.cxd5 g6 6.Nf3 Bg7 7.g3 O-O 8.Bg2 d6
9.O-O Re8 10.Nd2 a6 11.a4 Nbd7 12.Nc4 Nb6 13.Na3 Qc7 14.Bf4 Nh5 15.Bd2 f5
16.Qc2 Bd7 17.a5 Nc8 18.Nc4 b5 19.axb6 Nxb6 20.Nxb6 Qxb6 21.Ra2 Nf6 22.Rfa1
Ng4 23.e3 Ne5 24.Bc1 c4 25.Ne2 Nd3 26.Qxc4 Bb5 27.Qb3 Qc7 28.Ra3 Rab8 29.Nc3
Bc4 30.Qa4 Rec8 31.Bf1 Nxb2 32.Bxb2 Rxb2 33.Nd1 Rd2 34.Rc1 Qb7 35.Bxc4 Qb6
36.Qxa6 {#r} 1-0

[Event "Ch World (juniors) (under 18)"]
[Site "masterchessopen.com - Marina d'Or (Spain)"]
[Round "11"]
[White "Riazantsev Alexander (RUS)"]
[Black "Berescu Alin (ROM)"]
[Result "0-1"]
[WhiteElo "2335"]
[BlackElo "2370"]

1.d4 Nf6 2.c4 e6 3.Nf3 c5 4.d5 exd5 5.cxd5 d6 6.Nc3 g6 7.g3 Bg7 8.Bg2 O-O
9.O-O a6 10.a4 Nbd7 11.Nd2 Re8 12.Nc4 Ne5 13.Nxe5 Rxe5 14.Bf4 Re8 15.Re1 Rb8
16.a5 b5 17.axb6 Rxb6 18.Qc2 Ng4 19.Ra2 Bd4 20.Rf1 Bf5 21.e4 Bd7 22.h3 Ne5
23.Kh2 Qf6 24.Bxe5 Qxe5 25.f4 Qe7 26.Re1 h5 27.h4 Reb8 28.Re2 Kh7 29.Qd3 Rb3
30.Rc2 Bc8 31.Qd2 Qf6 32.Qe2 R8b6 33.Qe1 Qe7 34.Qd2 Kg7 35.Nd1 Qd7 36.Nc3 R3b4
37.Qe2 Qc7 38.Bf3 Qe7 39.Nb1 {#R} 0-1

[Event "Ch World (juniors) (under 18)"]
[Site "masterchessopen.com - Marina d'Or (Spain)"]
[Round "4"]
[White "Riazantsev Alexander (RUS)"]
[Black "Stevic Hrvoje (CRO)"]
[Result "1-0"]
[WhiteElo "2335"]
[BlackElo "2465"]

1.d4 Nf6 2.c4 g6 3.Nf3 Bg7 4.g3 O-O 5.Bg2 c5 6.d5 e6 7.Nc3 exd5 8.cxd5 d6
9.O-O a6 10.a4 Nbd7 11.Nd2 Re8 12.Nc4 Ne5 13.Nxe5 Rxe5 14.Bf4 Re8 15.Re1 Rb8
16.a5 b5 17.axb6 Rxb6 18.Qc2 Nh5 19.Bd2 f5 20.Ra2 Bd7 21.Rea1 Qb8 22.Bc1 Bb5
23.Nxb5 axb5 24.Bf3 Nf6 25.Bf4 Nd7 26.g4 fxg4 27.Bxg4 Ne5 28.Be6+ Kh8 29.Ra3
Rf8 30.Bg5 b4 31.Rh3 b3 32.Qe4 Rb4 33.Qg2 Qb7 34.Rxh7+ {#r} 1-0

[Event "It (open)"]
[Site "masterchessopen.com - Montpellier (France)"]
[Round "2"]
[White "Kiseleva Natalia (UKR)"]
[Black "Degraeve Jean-Marc (FRA)"]
[Result "0-1"]
[WhiteElo "2315"]
[BlackElo "2580"]

1.d4 Nf6 2.c4 g6 3.g3 c5 4.d5 Bg7 5.Nc3 O-O 6.Bg2 d6 7.Nf3 e6 8.O-O exd5
9.cxd5 Re8 10.Nd2 Nbd7 11.a4 a6 12.Qb3 Rb8 13.Nc4 Ne5 14.Nb6 Nfd7 15.Nxc8 Rxc8
16.h3 c4 17.Qa2 Nc5 18.Bf4 Nb3 19.Rad1 Qa5 20.Qa3 Nc5 21.Be3 Ned7 22.Bd4 Rb8
23.Bxg7 Kxg7 24.Qa1 Nb3 25.Qb1 Ndc5 26.e4 Nxa4 27.Nxa4 Qxa4 28.f4 Qb4 29.f5 f6
30.fxg6 hxg6 31.Qc2 Re5 32.Rf4 Rf8 33.Rdf1 Nc5 34.R4f2 {#R} 0-1

[Event "It (open)"]
[Site "masterchessopen.com - Padova (Italy)"]
[Round "6"]
[White "Chatalbashev Boris (BUL)"]
[Black "Bracaglia Carlo (ITA)"]
[Result "1-0"]
[WhiteElo "2535"]
[BlackElo "2120"]

1.d4 Nf6 2.c4 e6 3.Nf3 c5 4.d5 exd5 5.cxd5 d6 6.Nc3 g6 7.g3 Bg7 8.Bg2 O-O
9.O-O Re8 10.Nd2 a6 11.a4 Nbd7 12.Nc4 Ne5 13.Nxe5 Rxe5 14.Bf4 Re8 15.Qc2 Ng4
16.Rab1 Ne5 17.b4 cxb4 18.Rxb4 Qc7 19.Qb3 Nf3+ 20.Bxf3 Qxc3 21.Bxd6 Bd7
22.Qxc3 Bxc3 23.Rxb7 Bxa4 24.Rc1 Rac8 25.Rc7 Rxc7 26.Bxc7 Bf6 27.d6 Kg7 28.e3
Bb5 29.Bc6 Bxc6 30.Rxc6 Ra8 31.d7 Bd8 32.Be5+ f6 33.Rc8 {#r} 1-0

[Event "It (open) (juniors)"]
[Site "masterchessopen.com - Plzen (Czech Republic)"]
[Round "9"]
[White "Mihajlovskij Sergei (BLR)"]
[Black "Simacek Pavel (CZE)"]
[Result "0-1"]
[WhiteElo "2310"]
[BlackElo "2350"]

1.d4 Nf6 2.Nf3 c5 3.d5 e6 4.c4 exd5 5.cxd5 d6 6.Nc3 g6 7.g3 Bg7 8.Bg2 O-O
9.O-O a6 10.a4 Re8 11.Nd2 Nbd7 12.Qb3 Rb8 13.Nde4 Qc7 14.Bf4 Ne5 15.Nxf6+ Bxf6
16.Ne4 Bg7 17.Bg5 Nd7 18.Qc2 f5 19.Nc3 b5 20.axb5 axb5 21.e4 b4 22.Nd1 fxe4
23.Bxe4 c4 24.Bg2 Ne5 25.Ne3 b3 26.Qd2 Nd3 27.Nd1 Nxb2 28.Nxb2 Bxb2 29.Qxb2 c3
30.Qa3 b2 31.Bf6 bxa1=Q 32.Qxa1 c2 33.Bb2 Bf5 34.Qa3 Qc5 35.Qa1 Bd3 36.Re1 Qb4
{#R} 0-1

[Event "It (open)"]
[Site "masterchessopen.com - Rhein an Main (Germany)"]
[Round "6"]
[White "Ripperger Reinhold (GER)"]
[Black "Kirov Nino (BUL)"]
[Result "0-1"]
[WhiteElo "2064"]
[BlackElo "2385"]

1.d4 Nf6 2.c4 e6 3.g3 c5 4.d5 exd5 5.cxd5 d6 6.Nc3 g6 7.Bg2 Bg7 8.Nf3 O-O
9.O-O a6 10.a4 Nbd7 11.Nd2 Re8 12.h3 Rb8 13.Nc4 Nb6 14.Na3 Na8 15.e4 Nc7 16.a5
Bd7 17.Qd3 Nb5 18.Bf4 Nh5 19.Bd2 Nd4 20.g4 Nf6 21.Bf4 Bb5 22.Naxb5 axb5
23.Nxb5 Nxb5 24.Qxb5 Nxe4 25.Rae1 f5 26.gxf5 gxf5 27.b4 Bc3 28.Bxe4 fxe4
29.Re3 cxb4 30.Kh2 Qf6 31.Bg3 Re7 32.f3 Rf8 33.a6 bxa6 34.Qxa6 Bd2 35.Re2 Bf4
36.Rg1 Kh8 37.Rxe4 Rg8 38.Rg2 Rxe4 39.Qd3 Re3 40.Bxf4 Qxf4+ 41.Kh1 Rxg2 {#R}
0-1

[Event "Ch Romania (w)"]
[Site "masterchessopen.com - Romania"]
[Round "13"]
[White "Ciobanu Camelia (ROM)"]
[Black "Sasu-Ducsoara Andreea-Teodora (ROM)"]
[Result "0-1"]
[WhiteElo "2145"]
[BlackElo "2185"]

1.d4 Nf6 2.c4 c5 3.d5 e6 4.Nc3 exd5 5.cxd5 d6 6.Nf3 g6 7.g3 Bg7 8.Bg2 O-O
9.O-O a6 10.a4 Re8 11.Nd2 Nbd7 12.h3 Nh5 13.Kh2 f5 14.e4 f4 15.g4 Be5 16.Bf3
Qh4 17.gxh5 Nf6 18.Kg1 Bxh3 19.Bg2 Bxc3 20.bxc3 Re5 21.f3 Bxg2 22.Qe2 Qh1+
23.Kf2 Qh4+ 24.Kg1 Rg5 25.Qxg2 Rxg2+ 26.Kxg2 Qg3+ 27.Kh1 Nxh5 28.Nc4 Qh3+
29.Kg1 Ng3 30.Bxf4 Ne2+ 31.Kf2 Nxf4 32.Rab1 Qg2+ 33.Ke3 Nxd5+ 34.exd5 Re8+
35.Kf4 Qh2+ 36.Kg5 Qg3+ 37.Kf6 Qf4# 0-1

[Event "Ch Netherlands"]
[Site "masterchessopen.com - Rotterdam (Netherlands)"]
[Round "9"]
[White "Nikolic Predrag (BIH)"]
[Black "Reinderman Dimitri (NED)"]
[Result "1-0"]
[WhiteElo "2640"]
[BlackElo "2540"]

1.d4 g6 2.Nf3 Bg7 3.g3 c5 4.d5 d6 5.c4 Nf6 6.Nc3 O-O 7.Bg2 e6 8.O-O exd5
9.cxd5 Re8 10.Nd2 a6 11.a4 Nbd7 12.a5 Rb8 13.Nc4 Ne5 14.Nb6 Ned7 15.Nxc8 Qxc8
16.e4 b5 17.axb6 Rxb6 18.Re1 Qb7 19.Bf1 Ra8 20.Ra5 Rb4 21.Qe2 Ne5 22.f4 Nc4
23.Ra2 Nd7 24.Bg2 Bd4+ 25.Kh1 Rb8 26.e5 Nxb2 27.Ne4 dxe5 28.f5 c4 29.Qd2 Qb6
30.d6 Qd8 31.Qh6 Nf6 32.fxg6 fxg6 33.Nxf6+ Qxf6 34.Rf1 Qxd6 35.Rxa6 Qd7
36.Raf6 Bc5 37.Be3 R4b6 38.Rf7 Qxf7 39.Rxf7 Kxf7 40.Qxh7+ Kf6 41.Bxc5 Nd3
42.Qh4+ Kf5 43.Bh3# 1-0

[Event "Ch Slovakia (team) 1998/99 (1 liga) East"]
[Site "masterchessopen.com - Slovakia"]
[Round "4"]
[White "Matejov Anton (SVK)"]
[Black "Hennel Karol (SVK)"]
[Result "1-0"]
[WhiteElo "1971"]
[BlackElo "2076"]

1.d4 Nf6 2.c4 c5 3.d5 e6 4.Nc3 exd5 5.cxd5 d6 6.Nf3 a6 7.a4 g6 8.g3 Bg7 9.Bg2
O-O 10.O-O Re8 11.Nd2 Nbd7 12.Qb3 Ne5 13.a5 Rb8 14.Qb6 Qxb6 15.axb6 Bd7 16.f4
Neg4 17.Nc4 Bb5 18.Nxd6 Red8 19.Ndxb5 axb5 20.h3 Nh6 21.e4 b4 22.Na4 Nh5
23.Kh2 Bd4 24.g4 Ng7 25.f5 Nhxf5 26.gxf5 gxf5 27.exf5 Re8 28.Bf4 Ra8 29.d6 Nh5
30.Bxb7 Re2+ 31.Kh1 Rd8 32.Bh2 Be5 33.Bxe5 Rxe5 34.Rfe1 Rxf5 35.Bc8 Rd5 36.d7
Nf6 37.Rad1 Rh5 38.b7 Kh8 39.b8=Q Rxh3+ 40.Kg2 Rg8+ 41.Kf2 {#r} 1-0

[Event "It \"]
[Site "masterchessopen.com - Tromsoe (Norway)"]
[Round "0"]
[White "Remman Frank (NOR)"]
[Black "Jaeger Frode Bull (NOR)"]
[Result "1-0"]
[WhiteElo "1922"]
[BlackElo "2135"]

1.d4 Nf6 2.Nf3 e6 3.c4 c5 4.d5 d6 5.Nc3 exd5 6.cxd5 g6 7.g3 Bg7 8.Bg2 O-O
9.O-O a6 10.a4 Re8 11.Nd2 Nbd7 12.Nc4 Ne5 13.Na3 Rb8 14.h3 Nh5 15.Kh2 Bd7
16.a5 Qxa5 17.f4 Nc4 18.Nxc4 Qxa1 19.Qc2 Bxc3 20.Qxc3 Rxe2 21.g4 Ng7 22.f5 Bb5
23.Bh6 {#r} 1-0

[Event "Ch Chile"]
[Site "masterchessopen.com - Vina del Mar (Chile)"]
[Round "9"]
[White "Rioseco Fernando (CHI)"]
[Black "Vasquez Rodrigo (CHI)"]
[Result "0-1"]
[WhiteElo "2192"]
[BlackElo "2445"]

1.d4 Nf6 2.Nf3 g6 3.c4 c5 4.d5 d6 5.Nc3 Bg7 6.g3 O-O 7.Bg2 e6 8.O-O exd5
9.cxd5 a6 10.a4 Re8 11.Nd2 Nbd7 12.h3 Rb8 13.Nc4 Ne5 14.Na3 Nh5 15.e4 Rf8
16.Kh2 Bd7 17.Qe2 f5 18.f4 fxe4 19.Bxe4 Nf7 20.g4 Nf6 21.Bf3 b5 22.axb5 axb5
23.Naxb5 Re8 24.Qc4 Nxg4+ 25.hxg4 Qh4+ 26.Kg2 Bxg4 27.Bxg4 Qxg4+ 28.Kh2 Re5
{#R} 0-1

[Event "Ch Yugoslavia (team) (1 liga)"]
[Site "masterchessopen.com - Vrnjacka Banja (Serbia)"]
[Round "8"]
[White "Goldin Alexander (USA)"]
[Black "Pavlovic Milos (SRB)"]
[Result "1-0"]
[WhiteElo "2570"]
[BlackElo "2505"]

1.d4 Nf6 2.c4 e6 3.Nf3 c5 4.d5 exd5 5.cxd5 d6 6.Nc3 g6 7.g3 Bg7 8.Bg2 O-O
9.O-O Re8 10.Nd2 a6 11.a4 Nbd7 12.Nc4 Ne5 13.Nxe5 Rxe5 14.Qc2 Re8 15.e4 Rb8
16.Rb1 Nd7 17.Bd2 c4 18.Ne2 Nc5 19.Qxc4 Bd7 20.b4 Nxa4 21.Qb3 Rc8 22.Rfc1 Qf6
23.h4 h6 24.Bf4 Bb5 25.Rc2 Nb6 26.Rbc1 Rxc2 27.Qxc2 Nc4 28.Nc3 Bd7 29.e5 dxe5
30.Ne4 Qd8 31.Qxc4 exf4 32.Nd6 Re7 33.Nxb7 Qb8 34.d6 Be6 35.Qxa6 Rd7 36.gxf4
Bg4 37.Rc5 Qe8 38.Qd3 Qe1+ 39.Kh2 Bf5 40.Qe3 Qb1 41.Bc6 {#r} 1-0

[Event "Tournament (team)"]
[Site "masterchessopen.com - Argentina"]
[Round "4"]
[White "Bielicki Carlos (ARG)"]
[Black "Minzer Claudio Javier (ARG)"]
[Result "0-1"]
[WhiteElo "2283"]
[BlackElo "2398"]

1.d4 Nf6 2.c4 e6 3.Nf3 c5 4.d5 d6 5.Nc3 exd5 6.cxd5 g6 7.g3 Bg7 8.Bg2 O-O
9.O-O Re8 10.Nd2 a6 11.a4 Nbd7 12.Qb3 Rb8 13.Nc4 Ne5 14.Nb6 Nfd7 15.Nxc8 Qxc8
16.h3 b5 17.axb5 axb5 18.f4 Nc4 19.Nxb5 Bd4+ 20.Kh2 Ne3 21.Bxe3 Rxe3 22.Qc4
Qe8 23.Nxd4 Rb4 24.Qc2 Rxd4 25.Bf3 Nb6 26.Rfd1 Rc4 27.Qd2 Rb4 28.Ra2 Nc4
29.Qc2 Reb3 30.Rda1 Qe3 31.Qc1 Qf2+ {#R} 0-1

[Event "Cup Bodensee"]
[Site "masterchessopen.com - Baden (Germany)"]
[Round "0"]
[White "Papa Severin (SUI)"]
[Black "Arnold Lothar (GER)"]
[Result "0-1"]
[WhiteElo "2132"]
[BlackElo "2362"]

1.d4 e6 2.c4 Nf6 3.Nc3 c5 4.d5 d6 5.Nf3 g6 6.g3 exd5 7.cxd5 Bg7 8.Bg2 O-O
9.O-O a6 10.a4 Nbd7 11.Nd2 Re8 12.Nc4 Nb6 13.Na3 Bd7 14.a5 Nc8 15.Nc4 Bb5
16.Ne3 Na7 17.h3 Nd7 18.Kh2 f5 19.Re1 f4 20.gxf4 Qh4 21.Kg1 Qxf4 22.Ng4 Qf8
23.Qc2 Ne5 24.Nxe5 Rxe5 25.f4 Re7 26.e4 Bd4+ 27.Kh1 Rae8 28.Bd2 Qf6 29.e5 dxe5
30.fxe5 Rxe5 31.Rxe5 Qxe5 32.Re1 Qxe1+ 33.Bxe1 Rxe1+ 34.Kh2 Be5# 0-1

[Event "Ch Europe (team) (w)"]
[Site "masterchessopen.com - Batumi (Georgia)"]
[Round "2"]
[White "Borsuk Angela (ISR)"]
[Black "Brokko-Olde Margit (EST)"]
[Result "1-0"]
[WhiteElo "2288"]
[BlackElo "2163"]

1.d4 Nf6 2.Nf3 c5 3.d5 e6 4.c4 exd5 5.cxd5 g6 6.Nc3 Bg7 7.g3 O-O 8.Bg2 Re8
9.O-O d6 10.Nd2 a6 11.a4 Nbd7 12.e4 Ne5 13.Qc2 Rb8 14.a5 Bd7 15.h3 Bb5 16.Nxb5
axb5 17.f4 Ned7 18.Qb3 b4 19.Qd3 Qc7 20.Nc4 Ra8 21.Bd2 Ra6 22.Rae1 Rd8 23.e5
Ne8 24.e6 fxe6 25.Rxe6 Nf8 26.Re2 Nf6 27.f5 Rd7 28.Bg5 gxf5 29.Rxf5 Rf7
30.Ref2 N8d7 31.Qe2 Ra8 32.Qe6 Rf8 33.Qxd6 Qxd6 34.Nxd6 Re7 35.Nc4 Nh5 36.Kh2
Bd4 37.Re2 Ng7 38.Rf1 {#r} 1-0

[Event "Ch Hessen (MVT)"]
[Site "masterchessopen.com - Baunatal (Germany)"]
[Round "3"]
[White "Mittendorf Frank (GER)"]
[Black "Rueger Erhard (GER)"]
[Result "0-1"]
[WhiteElo "2239"]
[BlackElo "2183"]

1.d4 c5 2.d5 Nf6 3.c4 e6 4.Nc3 exd5 5.cxd5 d6 6.Nf3 g6 7.g3 Bg7 8.Bg2 O-O
9.O-O a6 10.a4 Re8 11.Nd2 Nbd7 12.h3 Nh5 13.a5 b5 14.axb6 Nxb6 15.Re1 Bd7
16.Nde4 Qc7 17.g4 Nf6 18.Bg5 Nxe4 19.Nxe4 Rxe4 20.Bxe4 Bxb2 21.Ra2 Bg7 22.Qc1
Bb5 23.Bg2 Re8 24.e4 Nd7 25.f4 c4 26.Rd1 Qb6+ 27.Kh2 Nc5 28.Qb1 Nd3 29.Bf1
Rxe4 30.Bxd3 cxd3 31.Rxd3 h6 32.Bh4 Qc5 33.Rdd2 Rxf4 34.Bg3 Rf1 35.Bf2 Qxf2+
{#R} 0-1

[Event "Ch NRW (juniors) (under 16)"]
[Site "masterchessopen.com - Bergneustadt (Germany)"]
[Round "2"]
[White "Smolka Alexander (GER)"]
[Black "Send Sebastian (GER)"]
[Result "0-1"]
[WhiteElo "2103"]
[BlackElo "2157"]

1.d4 Nf6 2.c4 c5 3.d5 e6 4.Nc3 exd5 5.cxd5 d6 6.Nf3 g6 7.g3 Bg7 8.Bg2 O-O
9.O-O Re8 10.Nd2 a6 11.a4 Nbd7 12.Nc4 Nb6 13.Na3 Qc7 14.a5 Nbd7 15.Nc4 b5
16.axb6 Nxb6 17.Nxb6 Qxb6 18.Qc2 Rb8 19.Ra3 Bd7 20.Re1 Ng4 21.e3 Bb5 22.b3 Ne5
23.Nxb5 Qxb5 24.Rd1 c4 25.bxc4 Nxc4 26.Ra4 Nb6 27.Ra3 Rec8 28.Qa2 Nxd5 29.Bf1
Qb1 30.Bxa6 Rxc1 31.Qxb1 Rbxb1 {#R} 0-1

[Event "It (open) (a)"]
[Site "masterchessopen.com - Dortmund (Germany)"]
[Round "4"]
[White "Preiss Veronika (GER)"]
[Black "Send Sebastian (GER)"]
[Result "0-1"]
[WhiteElo "2229"]
[BlackElo "2157"]

1.d4 Nf6 2.c4 c5 3.d5 e6 4.Nc3 exd5 5.cxd5 d6 6.Nf3 g6 7.g3 Bg7 8.Bg2 O-O
9.O-O Re8 10.Nd2 a6 11.a4 Nbd7 12.Nc4 Nb6 13.Qd3 Nxc4 14.Qxc4 b5 15.Qd3 b4
16.Nd1 a5 17.Ne3 Ba6 18.Qc2 Nd7 19.Nc4 Ne5 20.Nxe5 Bxe5 21.Re1 Qf6 22.Rb1 c4
23.Be3 Rab8 24.Red1 b3 25.Qd2 c3 26.bxc3 Bxc3 27.Bd4 Bxd4 28.Qxd4 Qxd4 29.Rxd4
Bxe2 30.Bf1 Bxf1 31.Kxf1 Rec8 32.Rb2 Rc2 33.Rb1 b2 34.Rdd1 Rb4 35.Kg2 Rxa4
{#R} 0-1

[Event "Ch City"]
[Site "masterchessopen.com - Dusseldorf (Germany)"]
[Round "0"]
[White "Lupor Stefan (GER)"]
[Black "Schmoll Heinz (GER)"]
[Result "1-0"]
[WhiteElo "2280"]
[BlackElo "2172"]

1.d4 Nf6 2.c4 c5 3.d5 e6 4.Nc3 exd5 5.cxd5 g6 6.Nf3 Bg7 7.g3 O-O 8.Bg2 d6
9.O-O a6 10.a4 Re8 11.Nd2 Nbd7 12.h3 Rb8 13.Nc4 Ne5 14.Na3 b6 15.Kh2 g5 16.e4
h6 17.Rb1 Bd7 18.Qe2 Qc8 19.f4 gxf4 20.gxf4 Ng6 21.Nc4 Qc7 22.e5 Bf8 23.Qf2
Nh5 24.Qf3 Ng7 25.Ne4 Bf5 26.Nf6+ Kh8 27.Nxe8 Rxe8 28.Ra1 dxe5 29.Nxe5 Nxe5
30.fxe5 Qxe5+ 31.Qf4 Nh5 32.Qxe5+ Rxe5 33.Bd2 Re2 34.Bc3+ {#r} 1-0

[Event "It (open)"]
[Site "masterchessopen.com - Hoogeveen (Netherlands)"]
[Round "2"]
[White "Van Kooten Luuk (NED)"]
[Black "Brodsky Michail (UKR)"]
[Result "0-1"]
[WhiteElo "2331"]
[BlackElo "2512"]

1.d4 Nf6 2.c4 e6 3.g3 c5 4.d5 exd5 5.cxd5 d6 6.Nc3 g6 7.Bg2 Bg7 8.Nf3 O-O
9.O-O a6 10.a4 Nbd7 11.Nd2 Re8 12.Nc4 Ne5 13.Na3 Nh5 14.Qc2 f5 15.Bd2 Rb8
16.Rae1 Bd7 17.Nd1 b5 18.axb5 axb5 19.f4 Nf7 20.Bc3 Nf6 21.b4 cxb4 22.Bxb4 Rc8
23.Qd3 Qb6+ 24.e3 Ne4 25.Kh1 Nc5 26.Qb1 Na6 27.Rf2 Nxb4 28.Qxb4 Rc5 29.Rfe2
Ra8 30.Nc2 Rc4 31.Qb3 Qc5 32.Rd2 Rc8 {#R} 0-1

[Event "Ch Hungary (team) 1998/99"]
[Site "masterchessopen.com - Hungary"]
[Round "0"]
[White "Horvath Peter_ (HUN)"]
[Black "Nguyen Anh Dung (VIE)"]
[Result "0-1"]
[WhiteElo "2450"]
[BlackElo "2484"]

1.d4 Nf6 2.Nf3 c5 3.d5 e6 4.c4 exd5 5.cxd5 d6 6.Nc3 g6 7.g3 Bg7 8.Bg2 O-O
9.O-O a6 10.a4 Nbd7 11.Nd2 Re8 12.Nc4 Ne5 13.Nxe5 Rxe5 14.Bf4 Re8 15.Qc2 Rb8
16.Rab1 b5 17.axb5 axb5 18.b4 c4 19.Rfe1 Qb6 20.Rf1 Bd7 21.Qd2 Ra8 22.Ra1 Rxa1
23.Rxa1 Ng4 24.e3 h6 25.h3 Nxf2 26.Kxf2 g5 27.Re1 gxf4 28.gxf4 Ra8 29.Be4 Qd8
30.Rg1 Qh4+ 31.Rg3 Kf8 32.Kg2 Bxc3 {#R} 0-1

[Event "It (open)"]
[Site "masterchessopen.com - Jesolo (Italy)"]
[Round "4"]
[White "Chatalbashev Boris (BUL)"]
[Black "Gallo Enrico (ITA)"]
[Result "1-0"]
[WhiteElo "2524"]
[BlackElo "2155"]

1.d4 Nf6 2.c4 c5 3.d5 e6 4.Nc3 exd5 5.cxd5 d6 6.g3 g6 7.Bg2 Bg7 8.Nf3 O-O
9.O-O a6 10.a4 Re8 11.Nd2 Nbd7 12.Nc4 Nb6 13.Na3 Bd7 14.Bd2 Rb8 15.Re1 Nc8
16.Rb1 b5 17.axb5 axb5 18.b4 c4 19.h3 Re7 20.e4 Be8 21.Kh2 Ra7 22.Nc2 Nb6
23.f4 Na4 24.e5 dxe5 25.fxe5 Nd7 26.Nxa4 bxa4 27.Bf4 Nf8 28.e6 Rc8 29.b5 Qa5
30.b6 Rb7 31.d6 Rxb6 32.Rxb6 Qxb6 33.d7 Bxd7 34.exd7 Rd8 35.Re8 h6 36.Ne3 c3
37.Qxa4 Kh7 38.Nd5 {#r} 1-0

[Event "It (open) (b)"]
[Site "masterchessopen.com - Koszalin (Poland)"]
[Round "3"]
[White "Bator Robert (SWE)"]
[Black "Zawadzki Stanislaw (POL)"]
[Result "1-0"]
[WhiteElo "2431"]
[BlackElo "2192"]

1.d4 Nf6 2.Nf3 c5 3.d5 d6 4.c4 g6 5.Nc3 Bg7 6.g3 O-O 7.Bg2 e6 8.O-O exd5
9.cxd5 a6 10.a4 Nbd7 11.Nd2 Re8 12.a5 b5 13.axb6 Nxb6 14.Qc2 Rb8 15.e4 Nfd7
16.f4 c4 17.Nd1 Qc7 18.Nf2 Bb7 19.Nf3 Rbc8 20.Bd2 Nc5 21.Bc3 Bxc3 22.bxc3 Nbd7
23.Nd4 Nf6 24.Rae1 Rb8 25.g4 Qe7 26.Re2 h6 27.h3 Nfd7 28.e5 dxe5 29.Nc6 Qd6
30.Nxb8 Qxb8 31.Qa2 a5 32.f5 gxf5 33.gxf5 Qa7 34.Qxc4 Ba6 35.Qg4+ Kh7 36.c4
Rg8 37.Qh4 Nd3 38.Kh1 Rxg2 39.Kxg2 Nf4+ 40.Kh1 Bxc4 41.Ng4 Qa6 42.f6 Bxd5+
43.Kg1 Ne6 44.Qxh6+ Kg8 45.Rf5 {#r} 1-0